[Event "Litomysl 2007"]
[Site "?"]
[Date "2007.12.27"]
[Round "2.25"]
[White "Schaefer, Reyk"]
[Black "Novotny, Michal"]
[Result "1-0"]
[WhiteElo "2126"]
[BlackElo "2278"]
[PlyCount "74"]
[EventDate "2007.12.26"]

1. d4 Nf6 2. Nf3 g6 3. g3 Bg7 4. Bg2 d5 5. O-O c6 6. c4 dxc4 7. Na3 c5 8. Qa4+
Nfd7 9. d5 O-O 10. Nxc4 a6 11. Ne3 Nb6 12. Qh4 f6 13. Rd1 Bd7 14. Nd2 Nc8 15.
a4 Nd6 16. Ndc4 b5 17. axb5 Bxb5 18. Na5 Nd7 19. Nc6 Qe8 20. Bh3 Rc8 21. Na7
Rc7 22. Nxb5 axb5 23. Be6+ Kh8 24. Ng4 f5 25. Nh6 c4 26. Bg5 Nc5 27. Ra5 Na4
28. Rd4 Ne4 29. Rxe4 fxe4 30. Qxe4 Nxb2 31. Bf4 Rb7 32. Be5 Na4 33. Qd4 Bf6 34.
Ng4 Qd8 35. d6 Kg7 36. Ra8 Qxd6 37. Bxf6+ exf6 1-0

[Event "Litomysl 2007"]
[Site "?"]
[Date "2007.12.27"]
[Round "2.26"]
[White "Engelmann, Jakob"]
[Black "Neumeier, Klaus"]
[Result "0-1"]
[WhiteElo "2114"]
[BlackElo "2273"]
[PlyCount "82"]
[EventDate "2007.12.26"]

1. e4 c5 2. Nf3 Nc6 3. d4 cxd4 4. Nxd4 g6 5. Nc3 Bg7 6. Be3 Nf6 7. Bc4 O-O 8.
Bb3 a5 9. a4 Ng4 10. Nxc6 Nxe3 11. Nxd8 Nxd1 12. Nxd1 Rxd8 13. c3 Ra6 14. Kd2
d5 15. Kc2 dxe4 16. Ne3 Bh6 17. Rad1 Rad6 18. Rxd6 Rxd6 19. Rd1 Bxe3 20. fxe3
Rxd1 21. Kxd1 Kg7 22. Bd5 f5 23. b4 b6 24. Bc6 Kf6 25. Kc2 Ke5 26. g3 Kd6 27.
Ba8 Be6 28. Bb7 Bc4 29. h4 e6 30. Kb2 h6 31. Kc2 g5 32. hxg5 hxg5 33. Kb2 Kc7
34. Ba8 Bd5 35. Bxd5 exd5 36. c4 dxc4 37. bxa5 bxa5 38. Kc3 Kd6 39. Kd4 Ke6 40.
Kxc4 Ke5 41. Kc3 f4 0-1

[Event "Litomysl 2007"]
[Site "?"]
[Date "2007.12.27"]
[Round "2.29"]
[White "Ruzicka, Petr"]
[Black "Trojan, Lubos"]
[Result "1/2-1/2"]
[WhiteElo "2267"]
[BlackElo "2050"]
[PlyCount "78"]
[EventDate "2007.12.26"]

1. Nf3 d5 2. g3 Nf6 3. Bg2 Nbd7 4. d3 c6 5. Nbd2 e5 6. e4 Bd6 7. O-O O-O 8. Qe2
Re8 9. Rd1 Nf8 10. h3 Ng6 11. c3 b6 12. b3 Ba6 13. c4 Rc8 14. Bb2 d4 15. a3 c5
16. b4 Rc7 17. Rdb1 Bc8 18. Bc1 Nh5 19. Nh2 Nf6 20. Ndf3 h6 21. b5 Nh7 22. a4
Rce7 23. a5 Bc7 24. axb6 Bxb6 25. Nd2 Ng5 26. h4 Nh7 27. Nb3 Nf6 28. Bd2 Qc7
29. Ra2 Be6 30. Rba1 Qc8 31. Na5 Bd7 32. Bf3 Nf8 33. Kh1 Ne6 34. Rg1 Nh7 35.
Qd1 Nd8 36. Nb3 f5 37. Be1 Nf6 38. Nd2 g5 39. g4 f4 1/2-1/2

[Event "Litomysl 2007"]
[Site "?"]
[Date "2007.12.27"]
[Round "2.31"]
[White "Manik, Mikulas"]
[Black "Nytrova, Adela"]
[Result "1-0"]
[WhiteElo "2420"]
[BlackElo "1890"]
[PlyCount "53"]
[EventDate "2007.12.26"]

1. e4 e5 2. Nf3 Nc6 3. Bb5 a6 4. Ba4 Nf6 5. O-O b5 6. Bb3 Be7 7. Re1 d6 8. c3
Bg4 9. h3 Bh5 10. d3 Na5 11. Bc2 c5 12. Nbd2 O-O 13. Nf1 Nc6 14. Ng3 Bg6 15.
Nh4 Nd7 16. Nhf5 Bh4 17. Nxd6 Bxg3 18. fxg3 Qf6 19. Nf5 Bxf5 20. exf5 Qxf5 21.
d4 Qf6 22. Qg4 Qd6 23. dxc5 Qxc5+ 24. Be3 Qe7 25. Qe4 f5 26. Qxc6 e4 27. Rad1
1-0

[Event "Litomysl 2007"]
[Site "?"]
[Date "2007.12.27"]
[Round "2.32"]
[White "Korpalski, Robert"]
[Black "Zeberski, Jakub"]
[Result "1-0"]
[WhiteElo "2131"]
[BlackElo "2411"]
[PlyCount "123"]
[EventDate "2007.12.26"]

1. e4 e5 2. Nf3 Nc6 3. Bb5 a6 4. Ba4 Nf6 5. O-O Be7 6. Re1 b5 7. Bb3 d6 8. c3
O-O 9. h3 Na5 10. Bc2 c5 11. d4 Nd7 12. Nbd2 exd4 13. cxd4 Nc6 14. Nf1 cxd4 15.
Nxd4 Nxd4 16. Qxd4 Ne5 17. f4 Nc6 18. Qd2 d5 19. Qxd5 Qc7 20. Bb3 Bb7 21. Qh5
Nd4 22. Bd2 g6 23. Qh6 Bf6 24. Bc3 b4 25. Bxd4 Bxd4+ 26. Kh1 Bxb2 27. Rad1 Bg7
28. Qh4 Rad8 29. f5 Rxd1 30. Rxd1 Qe5 31. Ng3 Qf6 32. Qg4 h5 33. Qxg6 h4 34.
Nh5 Qxg6 35. fxg6 Bxe4 36. gxf7+ Kh7 37. Nxg7 Kxg7 38. Rd4 Bg6 39. Rxb4 Bxf7
40. Bxf7 Rxf7 41. Rxh4 Rf5 42. Ra4 a5 43. Kh2 Kg6 44. Kg3 Kh5 45. Re4 Rc5 46.
a4 Rc3+ 47. Kf4 Kh4 48. Kf5+ Kh5 49. Re5 Kh4 50. Rxa5 Kg3 51. Re5 Ra3 52. a5
Kxg2 53. h4 Rf3+ 54. Ke6 Kg3 55. h5 Kg4 56. Kd6 Rf6+ 57. Kc5 Kf4 58. Rd5 Ke4
59. Rg5 Kf4 60. Rg6 Rf5+ 61. Kb6 Rxh5 62. a6 1-0

[Event "Litomysl 2007"]
[Site "?"]
[Date "2007.12.27"]
[Round "2.39"]
[White "Kapusta, Petr"]
[Black "Meszar, Thomas"]
[Result "1-0"]
[WhiteElo "2080"]
[BlackElo "1791"]
[PlyCount "57"]
[EventDate "2007.12.26"]

1. e4 d5 2. exd5 Nf6 3. d4 Nxd5 4. c4 Nb4 5. a3 N4c6 6. d5 Ne5 7. Bf4 Ng6 8.
Bg3 e6 9. Nc3 Bd6 10. Bxd6 Qxd6 11. Nb5 Qe5+ 12. Be2 Nf4 13. Nf3 Qxb2 14. Nxc7+
Kf8 15. dxe6 Qxe2+ 16. Qxe2 Nxe2 17. Kxe2 Bxe6 18. Nxa8 Bxc4+ 19. Kd2 Na6 20.
Rac1 b5 21. a4 Nc5 22. Nd4 Ke7 23. Nc7 Rd8 24. Ke3 Nb3 25. Nc6+ Kd7 26. Nxd8
Nxc1 27. Rxc1 Kxd8 28. Nxb5 Bxb5 29. axb5 1-0

[Event "Litomysl 2007"]
[Site "?"]
[Date "2007.12.27"]
[Round "2.42"]
[White "Bartosova, Lucie"]
[Black "Zeman, Arnost"]
[Result "1-0"]
[WhiteElo "1758"]
[BlackElo "2069"]
[PlyCount "82"]
[EventDate "2007.12.26"]

1. e4 d6 2. d4 Nf6 3. f3 Nbd7 4. Be3 c6 5. Nc3 a6 6. Qd2 b5 7. g4 h6 8. h4 Qc7
9. b3 Bb7 10. Rc1 e6 11. Nce2 d5 12. e5 Ng8 13. f4 Ba3 14. Rb1 c5 15. c3 b4 16.
Bg2 bxc3 17. Nxc3 Bb4 18. Rc1 Rc8 19. Nge2 Ne7 20. O-O h5 21. f5 hxg4 22. fxe6
fxe6 23. Nf4 Nf8 24. Qf2 g3 25. Qf3 Rxh4 26. Na4 Rxf4 27. Qxf4 Nf5 28. Nxc5
Bxc5 29. Rxc5 Qf7 30. Rxc8+ Bxc8 31. Qg5 Nh7 32. Rxf5 Nxg5 33. Rxf7 Nxf7 34.
Bf1 Nh6 35. Bxh6 gxh6 36. Kg2 a5 37. Bb5+ Kf7 38. Kxg3 Kg6 39. Kf4 h5 40. Be8+
Kh6 41. a3 h4 1-0

[Event "Litomysl 2007"]
[Site "?"]
[Date "2007.12.28"]
[Round "3.1"]
[White "Jasik, Krzysztof"]
[Black "Simacek, Pavel"]
[Result "1/2-1/2"]
[WhiteElo "2310"]
[BlackElo "2472"]
[PlyCount "39"]
[EventDate "2007.12.26"]

1. e4 c5 2. Nf3 d6 3. d3 Nc6 4. g3 g6 5. Bg2 Bg7 6. O-O e6 7. c3 Nge7 8. Be3
O-O 9. Qd2 b6 10. Bh6 d5 11. Bxg7 Kxg7 12. e5 f5 13. exf6+ Rxf6 14. d4 Qd6 15.
Re1 Ba6 16. Ne5 Rc8 17. Na3 Nf5 18. Nxc6 Rxc6 19. Nc2 Rf7 20. Ne3 1/2-1/2

[Event "Litomysl 2007"]
[Site "?"]
[Date "2007.12.28"]
[Round "3.2"]
[White "Petr, Martin"]
[Black "Jedlicka, Ales"]
[Result "1/2-1/2"]
[WhiteElo "2440"]
[BlackElo "2304"]
[PlyCount "88"]
[EventDate "2007.12.26"]

1. e4 c6 2. d4 d5 3. exd5 cxd5 4. c4 Nf6 5. Nc3 Nc6 6. Nf3 Bg4 7. cxd5 Nxd5 8.
Qb3 Bxf3 9. gxf3 e6 10. Qxb7 Nxd4 11. Bb5+ Nxb5 12. Qc6+ Ke7 13. Qxb5 Qd7 14.
Bg5+ f6 15. Nxd5+ Qxd5 16. Qxd5 exd5 17. Be3 Ke6 18. O-O-O Bb4 19. a3 Rhc8+ 20.
Kb1 Bc5 21. Rhe1 Bxe3 22. Rxe3+ Kd6 23. Rde1 Rc4 24. Re7 Rf4 25. R1e6+ Kc5 26.
Re3 d4 27. Rd3 g5 28. Rxh7 a5 29. Rc7+ Kd5 30. b4 axb4 31. axb4 Ra4 32. Rb3 Kd6
33. Rc2 Rh4 34. b5 Ra7 35. Rc6+ Kd5 36. b6 Ra3 37. Rxa3 Kxc6 38. Rb3 Kb7 39.
Kc2 Rxh2 40. Kd3 Rxf2 41. Ke4 Re2+ 42. Kxd4 f5 43. Kd3 Re6 44. Rb5 f4 1/2-1/2

[Event "Litomysl 2007"]
[Site "?"]
[Date "2007.12.28"]
[Round "3.3"]
[White "Klima, Lukas"]
[Black "Plat, Vojtech"]
[Result "1/2-1/2"]
[WhiteElo "2422"]
[BlackElo "2296"]
[PlyCount "58"]
[EventDate "2007.12.26"]

1. e4 c5 2. Nf3 Nc6 3. c3 d5 4. exd5 Qxd5 5. d4 e6 6. Be3 cxd4 7. cxd4 Nf6 8.
Nc3 Qa5 9. Bc4 Bb4 10. Rc1 O-O 11. O-O Ne7 12. Ne5 Nf5 13. Qf3 Bd6 14. Rfe1
Bxe5 15. dxe5 Qxe5 16. Bg5 Qd4 17. Nb5 Qg4 18. Qxg4 Nxg4 19. h3 Nf6 20. g4 Ne7
21. Nc7 Rb8 22. Bf4 Ng6 23. Bd6 Rd8 24. Ne8 Ra8 25. Nxf6+ gxf6 26. Bc7 Rd7 27.
Bb5 Rd5 28. Bc4 Rd7 29. Bb5 Rd5 1/2-1/2

[Event "Litomysl 2007"]
[Site "?"]
[Date "2007.12.28"]
[Round "3.4"]
[White "Kanovsky, David"]
[Black "Cerveny, Martin"]
[Result "1/2-1/2"]
[WhiteElo "2396"]
[BlackElo "2291"]
[PlyCount "59"]
[EventDate "2007.12.26"]

1. e4 c5 2. Nf3 d6 3. c3 Nf6 4. Bd3 Nc6 5. Bc2 e5 6. h3 g6 7. d4 Bg7 8. dxc5
dxc5 9. Qxd8+ Kxd8 10. Na3 Ke7 11. Nc4 Ne8 12. Be3 b6 13. Ba4 Bb7 14. O-O-O f6
15. Rd5 Rd8 16. Rhd1 Nc7 17. Rd6 Rxd6 18. Rxd6 Nb8 19. Nfxe5 Bxe4 20. Nd7 Bf5
21. Nxb8 Rxb8 22. Bf4 Rd8 23. Bc6 Be6 24. Rxd8 Kxd8 25. b3 Bf8 26. Kb2 Bd7 27.
Bf3 Be6 28. a4 Kd7 29. Bb7 g5 30. Bg3 1/2-1/2

[Event "Litomysl 2007"]
[Site "?"]
[Date "2007.12.28"]
[Round "3.5"]
[White "Hoffmann, Paul"]
[Black "Cerveny, Petr"]
[Result "1-0"]
[WhiteElo "2302"]
[BlackElo "2395"]
[PlyCount "115"]
[EventDate "2007.12.26"]

1. c4 g6 2. Nc3 Bg7 3. g3 e5 4. Bg2 d6 5. e3 f5 6. Nge2 Nf6 7. O-O c6 8. d4 O-O
9. b3 Na6 10. Ba3 Re8 11. dxe5 dxe5 12. Qxd8 Rxd8 13. Rad1 Be6 14. Na4 Kf7 15.
Nc1 e4 16. Ne2 Ng4 17. Nd4 Ne5 18. f3 exf3 19. Nxf3 Nxf3+ 20. Bxf3 Kg8 21. Nc5
Nxc5 22. Bxc5 Bf8 23. Bd4 Rd7 24. Kg2 Be7 25. a4 Bd8 26. Bc3 Bb6 27. Rxd7 Bxd7
28. Rd1 Be6 29. Kf2 Rd8 30. Rxd8+ Bxd8 31. a5 a6 32. Ke2 Bc7 33. Kd3 Kf7 34. b4
Ke7 35. Bd4 Kd7 36. Kc3 h5 37. Bb6 Be5+ 38. Bd4 Bc7 39. Bf6 Bf7 40. Kd3 Be8 41.
Bg5 Ke6 42. Bf4 Bd8 43. h4 b6 44. axb6 Bxb6 45. c5 Bd8 46. Kc3 a5 47. b5 cxb5
48. c6 Bf6+ 49. Kc2 Be5 50. c7 Bd7 51. Bb7 Bxf4 52. gxf4 a4 53. Kc3 Kd6 54.
c8=Q Bxc8 55. Bxc8 Kc5 56. Be6 b4+ 57. Kd3 Kb5 58. Kd4 1-0

[Event "Litomysl 2007"]
[Site "?"]
[Date "2007.12.28"]
[Round "3.6"]
[White "Jackova, Jana"]
[Black "Kubecka, David"]
[Result "0-1"]
[WhiteElo "2375"]
[BlackElo "2271"]
[PlyCount "60"]
[EventDate "2007.12.26"]

1. e4 Nf6 2. e5 Nd5 3. d4 d6 4. Nf3 Bg4 5. Be2 c6 6. h3 Bxf3 7. Bxf3 dxe5 8.
dxe5 e6 9. O-O Nd7 10. Qe2 Qc7 11. Re1 Ne7 12. Bf4 Ng6 13. Bg3 Be7 14. Nd2 O-O
15. Bg4 Bg5 16. Ne4 Bh6 17. Nd6 Rad8 18. Rad1 Nb6 19. c4 c5 20. Qe4 Rb8 21. Bf3
a6 22. b3 Ne7 23. Nxb7 Nf5 24. Bh2 Nd4 25. Nd6 Nc8 26. Qd3 f5 27. Qc3 Qb6 28.
Rd3 Ne7 29. Red1 Nec6 30. Bxc6 Ne2+ 0-1

[Event "Litomysl 2007"]
[Site "?"]
[Date "2007.12.28"]
[Round "3.7"]
[White "Neumeier, Klaus"]
[Black "Degtiarev, Evgeny"]
[Result "1-0"]
[WhiteElo "2273"]
[BlackElo "2371"]
[PlyCount "93"]
[EventDate "2007.12.26"]

1. e4 c5 2. Nf3 d6 3. Bb5+ Nc6 4. Bxc6+ bxc6 5. O-O e5 6. c3 f5 7. exf5 Bxf5 8.
d4 cxd4 9. cxd4 e4 10. Qc2 Rc8 11. Nc3 d5 12. Ne5 Bd6 13. f3 Ne7 14. fxe4 dxe4
15. Bg5 Rf8 16. Nc4 Bb4 17. Rad1 h6 18. Bxe7 Qxe7 19. Ne3 Bg6 20. Ncd5 Qb7 21.
Nxb4 Qxb4 22. Rxf8+ Kxf8 23. a3 Qd6 24. b4 Kg8 25. Qc5 Qf4 26. d5 Qc7 27. dxc6
Kh7 28. b5 Qa5 29. h3 a6 30. Rd7 axb5 31. Qd4 Rg8 32. c7 Qe1+ 33. Kh2 Qc1 34.
Nd5 Bf5 35. Re7 Kh8 36. Qe5 Bxh3 37. Kxh3 Qh1+ 38. Qh2 Qd1 39. Nf4 h5 40. Nxh5
Qxh5+ 41. Kg3 Qxh2+ 42. Kxh2 Rc8 43. Rd7 Kh7 44. Kg3 e3 45. Kf3 Kg6 46. Kxe3
Kf6 47. Kd4 1-0

[Event "Litomysl 2007"]
[Site "?"]
[Date "2007.12.28"]
[Round "3.8"]
[White "Zawadzka, Jolanta"]
[Black "Schaefer, Reyk"]
[Result "1-0"]
[WhiteElo "2371"]
[BlackElo "2126"]
[PlyCount "57"]
[EventDate "2007.12.26"]

1. e4 e5 2. Nf3 d6 3. d4 exd4 4. Qxd4 a6 5. Bf4 Nc6 6. Qd2 Nf6 7. Nc3 Be7 8.
O-O-O O-O 9. Bd3 Nb4 10. Be2 Be6 11. a3 Nc6 12. Nd4 Nxd4 13. Qxd4 Nd7 14. Nd5
Bxd5 15. Qxd5 Bf6 16. Be3 b5 17. f4 Re8 18. g4 Nf8 19. Bf3 Rb8 20. g5 Be7 21.
h4 b4 22. Be2 c6 23. Qxc6 bxa3 24. b3 a5 25. Bb5 Rxb5 26. Qxb5 Qa8 27. Rd5 a2
28. Kb2 Bd8 29. Qa4 1-0

[Event "Litomysl 2007"]
[Site "?"]
[Date "2007.12.28"]
[Round "3.9"]
[White "Jirasek, Pavel"]
[Black "Sabol, Marian"]
[Result "0-1"]
[WhiteElo "2271"]
[BlackElo "2333"]
[PlyCount "60"]
[EventDate "2007.12.26"]

1. e4 Nf6 2. Nc3 d5 3. e5 d4 4. exf6 dxc3 5. fxg7 cxd2+ 6. Qxd2 Qxd2+ 7. Bxd2
Bxg7 8. O-O-O Bf5 9. Nf3 Nd7 10. Bc4 e6 11. Rhe1 Nb6 12. Bb3 Bg4 13. Bg5 Rg8
14. Bf4 c6 15. a4 Nd7 16. c3 Bxf3 17. gxf3 Bf6 18. Rg1 O-O-O 19. Bc2 h5 20. Bh7
Rh8 21. Be4 Rhg8 22. h3 Rxg1 23. Rxg1 Nc5 24. Be3 Nxe4 25. fxe4 a6 26. Bb6 Rh8
27. Kc2 e5 28. Rg3 Kd7 29. Be3 Ke6 30. Bg5 h4 0-1

[Event "Litomysl 2007"]
[Site "?"]
[Date "2007.12.28"]
[Round "3.10"]
[White "Swicarz, Maciej"]
[Black "Schuetze, Norman"]
[Result "1-0"]
[WhiteElo "2265"]
[BlackElo "2324"]
[PlyCount "105"]
[EventDate "2007.12.26"]

1. d4 Nf6 2. c4 g6 3. Nc3 d5 4. f3 Bg7 5. e4 dxe4 6. fxe4 Nc6 7. Nf3 Bg4 8. Be3
O-O 9. Be2 Nh5 10. d5 Ne5 11. O-O Nxf3+ 12. Bxf3 Bxf3 13. gxf3 e5 14. Ne2 f5
15. Qd2 fxe4 16. fxe4 Qh4 17. Nc3 Nf4 18. Kh1 Rf7 19. Qf2 Qxf2 20. Rxf2 g5 21.
Ne2 Nxe2 22. Rxe2 g4 23. Rf2 Rxf2 24. Bxf2 Rf8 25. Bxa7 Rf4 26. Re1 Bf8 27. Bg1
h5 28. Kg2 h4 29. h3 g3 30. c5 Rf6 31. a4 Ra6 32. b3 Be7 33. Rc1 Kf7 34. Rf1+
Kg6 35. Rc1 Kf7 36. Be3 Kg6 37. Rc4 Ra5 38. Kf3 Kh5 39. Bg1 Bf8 40. Rc2 Ra6 41.
Be3 Be7 42. Rc3 Rf6+ 43. Kg2 Ra6 44. Rc4 Ra5 45. Kf3 Bf8 46. c6 b5 47. Bd2 bxc4
48. Bxa5 cxb3 49. Bc3 Kg6 50. Bb2 Kf6 51. a5 Bc5 52. a6 Bd4 53. d6 1-0

[Event "Litomysl 2007"]
[Site "?"]
[Date "2007.12.28"]
[Round "3.11"]
[White "Salama, Omar"]
[Black "Dobrowolski, Piotr"]
[Result "0-1"]
[WhiteElo "2232"]
[BlackElo "2425"]
[PlyCount "51"]
[EventDate "2007.12.26"]

1. Nf3 c5 2. c4 Nf6 3. g3 Nc6 4. Bg2 d5 5. cxd5 Nxd5 6. O-O e5 7. d3 Be7 8. Nc3
Be6 9. Bd2 O-O 10. Ne1 Qd7 11. Nc2 Nc7 12. Ne3 b5 13. Rc1 f5 14. b3 Rad8 15.
Be1 Kh8 16. f4 exf4 17. gxf4 Rfe8 18. Bf2 Bf6 19. Qe1 Nd4 20. Nb1 Na6 21. Nd2
Bf7 22. Nf3 Bh5 23. Nxd4 Bxd4 24. Qa5 Rxe3 25. Qxa6 Rxe2 26. Qc6 0-1

[Event "Litomysl 2007"]
[Site "?"]
[Date "2007.12.28"]
[Round "3.12"]
[White "Vrana, Jan"]
[Black "Manik, Mikulas"]
[Result "1/2-1/2"]
[WhiteElo "2248"]
[BlackElo "2420"]
[PlyCount "54"]
[EventDate "2007.12.26"]

1. e4 c5 2. c3 Nf6 3. e5 Nd5 4. d4 cxd4 5. Nf3 e6 6. cxd4 b6 7. Bc4 Bb7 8. O-O
Qc7 9. Bxd5 Bxd5 10. Nc3 Qb7 11. Nxd5 Qxd5 12. Bg5 h6 13. Bh4 Nc6 14. h3 Be7
15. Bxe7 Nxe7 16. Qa4 O-O 17. Rac1 Qb7 18. Nd2 Rfc8 19. Qb5 Rxc1 20. Rxc1 Rc8
21. Rc4 Rxc4 22. Qxc4 Qc6 23. b3 b5 24. Qxc6 Nxc6 25. Nf3 Nb4 26. a3 Nc6 27.
Kf1 Na5 1/2-1/2

[Event "Litomysl 2007"]
[Site "?"]
[Date "2007.12.28"]
[Round "3.15"]
[White "Mudrak, Josef"]
[Black "Svoboda, Vaclav"]
[Result "1/2-1/2"]
[WhiteElo "2324"]
[BlackElo "2190"]
[PlyCount "36"]
[EventDate "2007.12.26"]

1. d4 Nf6 2. Nf3 e6 3. g3 c5 4. Bg2 cxd4 5. Nxd4 d5 6. O-O Be7 7. c4 O-O 8.
cxd5 Nxd5 9. Nc3 Nxc3 10. bxc3 e5 11. Nb5 Qa5 12. c4 Nc6 13. Bd2 Qd8 14. Be3
Bg4 15. Qxd8 Rfxd8 16. Bxc6 bxc6 17. Nxa7 Bxe2 18. Nxc6 Bxf1 1/2-1/2

[Event "Litomysl 2007"]
[Site "?"]
[Date "2007.12.28"]
[Round "3.22"]
[White "Sott, Pavel"]
[Black "Ruzicka, Petr"]
[Result "1/2-1/2"]
[WhiteElo "2148"]
[BlackElo "2267"]
[PlyCount "61"]
[EventDate "2007.12.26"]

1. e4 c5 2. Nf3 d6 3. d4 cxd4 4. Nxd4 Nf6 5. Nc3 a6 6. Be2 e5 7. Nb3 Be7 8. O-O
O-O 9. Re1 Be6 10. Bf3 Nbd7 11. Be3 Rc8 12. Qd2 Qc7 13. Rad1 Rfe8 14. h3 b5 15.
a3 Nb6 16. Bxb6 Qxb6 17. Nd5 Nxd5 18. exd5 Bf5 19. Be4 Bd7 20. c3 f5 21. Bb1
Bd8 22. Kh1 a5 23. f4 b4 24. axb4 axb4 25. cxb4 Bh4 26. fxe5 Bxe1 27. Rxe1 Rxe5
28. Rxe5 dxe5 29. Nc5 Rxc5 30. bxc5 Qxc5 31. b4 1/2-1/2

[Event "Litomysl 2007"]
[Site "?"]
[Date "2007.12.28"]
[Round "3.27"]
[White "Klein, Raimund"]
[Black "Bujnoch, Radek"]
[Result "1-0"]
[WhiteElo "2008"]
[BlackElo "2251"]
[PlyCount "91"]
[EventDate "2007.12.26"]

1. e4 c5 2. Nf3 Nc6 3. c3 Nf6 4. e5 Nd5 5. d4 cxd4 6. cxd4 d6 7. Bc4 Nb6 8. Bb3
d5 9. Nc3 Bg4 10. Be3 e6 11. O-O Be7 12. h3 Bh5 13. g4 Bg6 14. Nh2 Bb4 15. Bc2
Nc4 16. Qc1 Qa5 17. Bxg6 hxg6 18. Kg2 Rc8 19. Ne2 Rc7 20. a3 Bd2 21. Bxd2 Qxd2
22. Qxd2 Nxd2 23. Rfd1 Nb3 24. Rab1 Nca5 25. Nc3 a6 26. Rd3 Ke7 27. f4 Rhc8 28.
f5 gxf5 29. gxf5 Nc4 30. Nf3 Nba5 31. fxe6 fxe6 32. Ne2 Nb6 33. Nc3 Nac4 34.
Ng5 Nd7 35. Rf3 Rf8 36. Rbf1 Rxf3 37. Rxf3 Nxb2 38. Rf7+ Ke8 39. Ne2 Rc2 40.
Kf3 g6 41. Rg7 Nc4 42. Nxe6 Nxa3 43. N6f4 b5 44. Nxd5 Rc6 45. e6 Nf8 46. Nf6+
1-0

[Event "Litomysl 2007"]
[Site "?"]
[Date "2007.12.28"]
[Round "3.30"]
[White "Prachar, Josef"]
[Black "Buran, Jaroslav"]
[Result "1/2-1/2"]
[WhiteElo "1952"]
[BlackElo "2213"]
[PlyCount "46"]
[EventDate "2007.12.26"]

1. a3 Nf6 2. d4 g6 3. Nf3 Bg7 4. g3 O-O 5. Bg2 d6 6. O-O c6 7. c3 Qa5 8. Nbd2
Qh5 9. Re1 Bh3 10. Nf1 Ne4 11. Qb3 b6 12. Bxh3 Qxh3 13. Ng5 Qf5 14. Nxe4 Qxe4
15. Be3 Nd7 16. f3 Qf5 17. Kg2 h5 18. Bf2 g5 19. e4 Qg6 20. Kh1 Nf6 21. Nd2 Bh6
22. Re2 d5 23. Rae1 e6 1/2-1/2

[Event "Litomysl 2007"]
[Site "?"]
[Date "2007.12.28"]
[Round "3.33"]
[White "Hagenbach, Udo"]
[Black "Van Nieuwenhuizen, Hans"]
[Result "0-1"]
[WhiteElo "2203"]
[BlackElo "1974"]
[PlyCount "93"]
[EventDate "2007.12.26"]

1. c4 g6 2. Nc3 Bg7 3. g3 Nf6 4. Bg2 e5 5. Nf3 d6 6. d3 O-O 7. O-O c6 8. Rb1
Re8 9. b4 d5 10. Bg5 dxc4 11. dxc4 Bf5 12. Rb2 Nbd7 13. Rd2 h6 14. Bxf6 Bxf6
15. e4 Be6 16. Qe2 Qe7 17. a3 Nb6 18. Rc1 Nxc4 19. Ra2 a5 20. Nb1 b5 21. bxa5
Rxa5 22. a4 Nb6 23. Rac2 Bc4 24. Qe3 Nxa4 25. Nbd2 Be6 26. Rxc6 Kg7 27. Bf1 Rb8
28. Nb3 Ra7 29. Nc5 Nxc5 30. R1xc5 Bd7 31. Rc7 Rxc7 32. Rxc7 Qd6 33. Qa7 Rd8
34. Rb7 Qd1 35. Qe3 Bh3 36. Qe2 Qc1 37. Ne1 Rd1 38. Qa2 Bd7 39. Rxd7 Rxd7 40.
Qe2 Rd1 41. Nd3 Qd2 42. Qf3 b4 43. Kg2 b3 44. Be2 Ra1 45. Nc5 b2 46. Nb3 Rg1+
47. Kh3 0-1

[Event "Litomysl 2007"]
[Site "?"]
[Date "2007.12.28"]
[Round "3.41"]
[White "Cukrowski, Filip"]
[Black "Macicek, Jakub"]
[Result "1/2-1/2"]
[WhiteElo "1751"]
[BlackElo "2105"]
[PlyCount "63"]
[EventDate "2007.12.26"]

1. e4 e5 2. Nf3 Nf6 3. Nxe5 d6 4. Nf3 Nxe4 5. d4 d5 6. Bd3 Be7 7. O-O Nc6 8.
Re1 Bg4 9. Be3 O-O 10. h3 Bh5 11. a3 f5 12. c3 Bh4 13. Rf1 f4 14. Bc1 Ng5 15.
Be2 Qe7 16. Nbd2 Rae8 17. Bd3 Ne4 18. Qc2 Nxd2 19. Bxd2 Bxf3 20. gxf3 Qg5+ 21.
Kh1 Re6 22. Bxh7+ Kh8 23. Bd3 Rh6 24. Rg1 Bg3 25. Rxg3 Qh5 26. Bg6 Qh4 27. Kg2
Ne7 28. Bxf4 Rxf4 29. Bd3 Ng8 30. Re1 Rhf6 31. Qe2 Qh6 32. Qe3 1/2-1/2

[Event "Litomysl 2007"]
[Site "?"]
[Date "2007.12.28"]
[Round "4.1"]
[White "Neumeier, Klaus"]
[Black "Zawadzka, Jolanta"]
[Result "1-0"]
[WhiteElo "2273"]
[BlackElo "2371"]
[PlyCount "67"]
[EventDate "2007.12.26"]

1. e4 e5 2. Nf3 Nc6 3. Bb5 a6 4. Ba4 Nf6 5. O-O b5 6. Bb3 Bc5 7. c3 d6 8. a4
Bb7 9. d4 Bb6 10. Bg5 O-O 11. Bd5 h6 12. Bh4 Qe7 13. Na3 Nd8 14. Bxb7 Nxb7 15.
Re1 c6 16. Nc2 Qe6 17. Bxf6 Qxf6 18. Ne3 exd4 19. cxd4 Rfe8 20. Qd3 Rab8 21.
axb5 axb5 22. Ra6 Nd8 23. e5 dxe5 24. Nxe5 Qe6 25. Nf5 Qf6 26. Re3 Ne6 27. Nd7
Qg5 28. h4 Qd8 29. Nxb8 Qxb8 30. Qe4 g6 31. Qxc6 Bc7 32. d5 gxf5 33. dxe6 f6
34. e7 1-0

[Event "Litomysl 2007"]
[Site "?"]
[Date "2007.12.28"]
[Round "4.2"]
[White "Sabol, Marian"]
[Black "Swicarz, Maciej"]
[Result "1/2-1/2"]
[WhiteElo "2333"]
[BlackElo "2265"]
[PlyCount "87"]
[EventDate "2007.12.26"]

1. d4 f5 2. e4 fxe4 3. Nc3 Nf6 4. Bg5 g6 5. Bxf6 exf6 6. Nxe4 d5 7. Ng3 Qe7+ 8.
Qe2 h5 9. Qxe7+ Kxe7 10. Bd3 Kf7 11. N1e2 Bh6 12. f4 h4 13. Nf1 Re8 14. Kf2 b6
15. Ne3 c6 16. g3 Ba6 17. gxh4 Bxd3 18. cxd3 Na6 19. Ng4 Bf8 20. a3 Bd6 21.
Rac1 c5 22. Kf3 Rh8 23. Ne3 Rad8 24. Ng2 Nc7 25. dxc5 bxc5 26. b4 cxb4 27. axb4
Rb8 28. Rc6 Ke7 29. Rhc1 Kd7 30. f5 gxf5 31. Nd4 Rh5 32. Ne3 Rxb4 33. Rxc7+
Bxc7 34. Rxc7+ Kxc7 35. Nxd5+ Kd6 36. Nxb4 Kc5 37. Nbc2 Rxh4 38. Nxf5 Rxh2 39.
Nfe3 a5 40. d4+ Kc6 41. Ke4 Rd2 42. Kf5 a4 43. Kxf6 a3 44. Nxa3 1/2-1/2

[Event "Litomysl 2007"]
[Site "?"]
[Date "2007.12.28"]
[Round "4.3"]
[White "Kubecka, David"]
[Black "Hoffmann, Paul"]
[Result "1-0"]
[WhiteElo "2271"]
[BlackElo "2302"]
[PlyCount "97"]
[EventDate "2007.12.26"]

1. e4 d5 2. exd5 Qxd5 3. Nc3 Qa5 4. g3 Nf6 5. Bg2 c6 6. Nf3 e6 7. O-O Bd6 8. d3
O-O 9. a3 Nbd7 10. Re1 a6 11. Nd2 Qd8 12. Nc4 Bc7 13. b4 Nd5 14. Bb2 b5 15.
Nxd5 cxd5 16. Ne3 Nb6 17. c4 Rb8 18. cxd5 exd5 19. Rc1 Be6 20. Nc2 Na4 21. Ba1
Bb6 22. Be5 Rc8 23. Nd4 Qg5 24. h4 Qxc1 25. Qxc1 Rxc1 26. Rxc1 Bg4 27. Nc6 Be2
28. Re1 Bxd3 29. Bd6 Bc4 30. Ne7+ Kh8 31. Ng6+ hxg6 32. Bxf8 d4 33. Bf3 d3 34.
Bd6 Bd4 35. Bf4 Bc3 36. Re8+ Kh7 37. Rd8 Bf6 38. Rd6 Nc3 39. Be3 Be5 40. Rxa6
Nb1 41. Ra7 f5 42. h5 gxh5 43. Bxh5 Bb3 44. Rd7 Bc2 45. Rd5 Bc3 46. Rd6 Bf6 47.
g4 g6 48. Rd7+ Bg7 49. gxf5 1-0

[Event "Litomysl 2007"]
[Site "?"]
[Date "2007.12.28"]
[Round "4.4"]
[White "Simacek, Pavel"]
[Black "Mueller, Oliver"]
[Result "0-1"]
[WhiteElo "2472"]
[BlackElo "2309"]
[PlyCount "82"]
[EventDate "2007.12.26"]

1. e4 c5 2. Nf3 Nc6 3. Nc3 g6 4. d4 cxd4 5. Nxd4 Bg7 6. Be3 d6 7. Qd2 Nf6 8. f3
O-O 9. Bc4 Bd7 10. O-O-O Rc8 11. Bb3 Na5 12. Kb1 Nc4 13. Bxc4 Rxc4 14. h4 h5
15. g4 hxg4 16. h5 gxh5 17. Nd5 Nxd5 18. exd5 f5 19. Ne6 Bxe6 20. dxe6 Qe8 21.
Bh6 Qg6 22. Bxg7 Kxg7 23. Qd5 Rfc8 24. c3 f4+ 25. Ka1 R8c5 26. Qxb7 Qxe6 27.
fxg4 hxg4 28. Rde1 Re5 29. Rxe5 dxe5 30. Rh5 f3 31. Qxa7 Rf4 32. Qf2 Rf5 33.
Rh1 Qg6 34. Qh4 Kf7 35. Qh8 Qg8 36. Qh4 f2 37. Rf1 g3 38. Qc4+ e6 39. Rd1 Rf4
40. Qe2 Qg4 41. Qd3 Qxd1+ 0-1

[Event "Litomysl 2007"]
[Site "?"]
[Date "2007.12.28"]
[Round "4.7"]
[White "Jedlicka, Ales"]
[Black "Klima, Lukas"]
[Result "1/2-1/2"]
[WhiteElo "2304"]
[BlackElo "2422"]
[PlyCount "38"]
[EventDate "2007.12.26"]

1. d4 Nf6 2. c4 e6 3. Nc3 Bb4 4. e3 c5 5. Bd3 O-O 6. Nge2 d6 7. O-O Nc6 8. Qc2
Bxc3 9. Qxc3 b6 10. b3 Bb7 11. Bb2 Qe7 12. f3 Rac8 13. dxc5 bxc5 14. Rad1 Rfd8
15. Ng3 Ne8 16. Bb1 Rc7 17. Qd3 Qh4 18. Qe4 Qh6 19. Qf4 Qxf4 1/2-1/2